Statistiques concernant DJ internationaux

Cliquez ici pour prendre le quiz!

Statistiques générales

  • Ce quiz a été pris 52 fois
  • Le résultat moyen est 10 sur 30

Statistiques - réponses

Réponse% Correct
David Guetta
100%
DJ Snake
98%
Daft Punk
82%
Avicii
80%
Marshmello
64%
Martin Solveig
57%
Martin Garrix
50%
Kungs
41%
Calvin Harris
39%
Tiesto
36%
Alan Walker
34%
Steve Aoki
34%
Ofenbach
30%
Petit Biscuit
30%
Skrillex
27%
Alesso
23%
Hardwell
23%
Zedd
23%
Afrojack
20%
The Chainsmokers
18%
Carl Cox
16%
Fisher
16%
Don Diablo
14%
Metro Boomin
14%
Alok
11%
Blasterjaxx
9%
Eric Prydz
5%
Polo & Pan
5%
Raven & Kreyn
5%
TheFatRat
5%

Distribution des résultats

Percentile par nombre de réponses

% des personnes avec chaque résultat

Votre développement - résultats

Vous n’avez pas pris ce quiz